Szczegóły MARC21

Atlas naturalnych kamieni szlachetnych i ozdobnych : 120 najpiękniejszych minerałów i skał /

003 -Nazwa inst., której nr kontr. jest w polu 001 [,]
    • @
    • Nazwa instytucji, której n kontrolny jest w polu 001
    • NUKAT
005 -DATA I CZAS OSTATNIEJ MODYFIKACJI [,]
    • @
    • pole kontrolne
    • 20241231091740.0
020 -Międzynarod. znormalizowany nr książki - ISBN [ , ]
    • a
    • Numer ISBN
    • 9788380590571 Find
040 -Instytucja sporządzająca opis [ , ]
    • a
    • Instytucja, która sporządziła opis (NP)
    • SZCZ M/HS
    • c
    • Instytucja, która sporządziła rekord (NP)
    • SZCZ M/HS
    • d
    • Instytucja, która zmodyfikowała rekord (P)
    • KAT U/44UIs
942 -Rodzaj dokumentu [ , ]
    • c
    • Rodzaj dokumentu
    • Książka
100 -Hasło główne - nazwa osobowa [1, ]
    • a
    • Nazwa osobowa (NP)
    • Żaba, Jerzy.
    • 9
    • KHW
    • 28517
245 -Strefa tytułu i oznaczenia odpowiedzialności [1,0]
    • a
    • Tytuł
    • Atlas naturalnych kamieni szlachetnych i ozdobnych : Find
    • b
    • Ciąg dalszy tytułu (NP)
    • 120 najpiękniejszych minerałów i skał / Find
    • c
    • Pozostałe elementy strefy tytułu i oznaczenia odpowiedzialności (NP)
    • Jerzy Żaba, Irena V. Żaba.
260 -Strefa adresu wydawniczego [ , ]
    • a
    • Miejsce wydania (P)
    • Warszawa :
    • b
    • Nazwa wydawcy (P)
    • Wydawnictwo SBM,
    • c
    • Data wydania (P)
    • cop. 2016.
300 -Strefa opisu fizycznego [ , ]
    • a
    • Określenie formy książki i/lub objętość (NP)
    • 191, [1] s. :
    • b
    • Oznaczenie ilustracji (NP)
    • il. kolor. ;
    • c
    • Format (NP)
    • 25 cm.
336 -Typ zawartości [ , ]
    • a
    • Termin opisujący typ zawartości
    • Tekst
    • b
    • Kod określający zawartość
    • txt
    • 2
    • Źródło (terminu i kodu)
    • rdacontent
337 -Typ mediów [ , ]
    • a
    • Tryb odtwarzania
    • Bez urządzenia pośredniczącego
    • b
    • Kod typu mediów
    • n
    • 2
    • Źródło (terminu i kodu)
    • rdamedia
338 -Typ/rodzaj nośnika [ , ]
    • a
    • Hasło opisujące typ nośnika
    • Wolumin
    • b
    • Kod typu nośnika
    • nc
    • 2
    • Źródło (terminu i kodu)
    • rdacarrier
490 -Strefa serii i książki wielotomowej - forma nie do wyszukiwania [1, ]
    • a
    • Tytuł (P)
    • Wademekum Find
830 -Hasło dodatkowe serii i opisu książki wielotomowej - tytuł ujednolicony/tytuł [ ,0]
    • a
    • Tytuł ujednolicony/tytuł (NP)
    • Wademekum - Wydawnictwo SBM
    • 9
    • KHW
    • 57500
504 -Uwaga dot. bibliogr. załącznikowej [ , ]
    • a
    • Uwaga dot. bibliografii załącznikowej
    • Bibliogr. s. 190-191. Indeksy.
650 -Hasło przedmiotowe [ ,7]
    • a
    • Hasło przedmiotowe
    • Kamienie szlachetne
    • v
    • Określnik formalny
    • atlasy.
    • 2
    • Źródło terminu
    • kaba
    • 9
    • KHW
    • 396655
650 -Hasło przedmiotowe [ ,7]
    • a
    • Hasło przedmiotowe
    • Minerały
    • v
    • Określnik formalny
    • atlasy.
    • 2
    • Źródło terminu
    • kaba
    • 9
    • KHW
    • 427154
650 -Hasło przedmiotowe [ ,7]
    • a
    • Hasło przedmiotowe
    • Skały
    • v
    • Określnik formalny
    • atlasy.
    • 2
    • Źródło terminu
    • kaba
    • 9
    • KHW
    • 427156
700 -Hasło dodatkowe - nazwa osobowa [1, ]
    • a
    • Nazwa osobowa (NP)
    • Żaba, Irena V. Find
    • 9
    • KHW
    • 458120
710 -Hasło dodatkowe - nazwa ciała zbiorowego [2, ]
    • a
    • Nazwa ciała zbiorowego lub nazwa geograficzna jako pierwszy element (NP)
    • Wydawnictwo SBM.
    • 4
    • Kod relacji
    • pbl
    • 9
    • KHW
    • 57499
920 -ISBN [ , ]
    • a
    • ISBN
    • 978-83-8059-057-1 Find
Data inwentaryzacji Lokalizacja Status udost. Numer inwentarzowy
2018-06-20BG1Z.122980